Music Quiz

Random Music or Album Quiz

50 Songs By: Nirvana (Clips) Quiz Stats

 Plays Quiz not verified by Sporcle

Also try: Elvis #1's
Challenge
Share
Tweet
Score 0/50 Timer 20:00
0 Plays Today
Time Song % Correct
0.00Smells Like Teen Spirit
99.7%
0.28Heart-Shaped Box
94.9%
0.07The Man Who Sold The World
94.4%
0.49Polly
92.4%
5.43Come As You Are
87.9%
4.33Lithium
87.9%
3.44In Bloom
85.9%
0.21Breed
85.6%
3.30Dumb
82.3%
2.41About A Girl
82%
0.42Pennyroyal Tea
81.4%
3.09Something In The Way
81.4%
5.22All Apologies
81.1%
3.58Where Did You Sleep Last Night?
80.8%
2.20On A Plain
79.7%
5.15Drain You
79.2%
0.35Sliver
78%
3.23Lake Of Fire
76.6%
2.55Stay Away
73%
0.56Love Buzz
71.3%
1.45Been A Son
70.4%
2.13You Know You're Right
66.2%
1.24School
65.9%
4.05Lounge Act
65.9%
2.06Plateau
65.4%
Time Song % Correct
4.40Serve The Servants
65.4%
5.36Jesus Doesn't Want Me For A Sunbeam
63.4%
1.03Oh, Me
60.8%
2.34Rape Me
60%
0.14Negative Creep
58.9%
1.52Frances Farmer Will Have Her Revenge On Seattle
58.9%
5.08Molly's Lips
58.6%
1.17Scentless Apprentice
58%
3.02Aneurysm
57.5%
3.16Blew
51.3%
5.01Very Ape
46.8%
4.19Milk It
46.2%
2.48Stain
40.8%
2.27Dive
40.6%
1.38Floyd The Barber
39.2%
3.37Son Of A Gun
36.6%
1.59Mr. Moustache
34.4%
4.54Turnaround
30.4%
5.29Downer
30.4%
1.31Mexican Seafood
30.1%
3.51Paper Cuts
30.1%
4.12Sifting
29%
1.10Big Long Now
27.9%
4.26Aero Zeppelin
25.9%
4.47Swap Meet
25.9%

You're not logged in!

Compare scores with friends on all Sporcle quizzes.
OR
Log In

You Might Also Like...

Show Comments

Extras

Top Quizzes Today


Score Distribution

Your Account Isn't Verified!

In order to create a playlist on Sporcle, you need to verify the email address you used during registration. Go to your Sporcle Settings to finish the process.

Report this User

Report this user for behavior that violates our Community Guidelines.

Details: